000 00191 a2200097 4500
020 _a9780147513731
041 _aeng
100 _aGreen, John
245 _aThe Fault in our stars
942 _cBK
999 _c14403
_d14403